000 00237nam a2200097Ia 4500
001 1100008
005 20250827003231.0
008 250824s9999 xx 000 0 und d
245 0 _aBEN BENİM
_cEDDİ ANTER
260 _bDESTEK YAYINLARI
999 _c1100008
_d1100008